Paesi Senza Sbocco sul Mare - Morte Improvvisa - Statistics

Statistiche generali
  • Questo quiz è stato fatto 25.454 volte
  • Il punteggio medio è 8 su 23
Answers on the Grid
Answers color-coded by a green-red scale on the quiz's grid according to % correct below.
Afghanistan
Bielorussia
Bhutan
Bolivia
Botswana
Bulgaria
Eritrea
Etiopia
Gambia
Georgia
Giordania
Iraq
Laos
Lettonia
Lussemburgo
Mali
Moldavia
Monaco
Mongolia
Montenegro
Namibia
Nepal
Niger
Paraguay
Repubblica Ceca
San Marino
Serbia
Slovacchia
Slovenia
Sud Sudan
Svizzera
Uganda
Ungheria
Uruguay
Zambia
 
Statistiche sulle risposte
Risposta % Corretto
Bielorussia
66%
Afghanistan
61%
Bhutan
53%
Bolivia
53%
Botswana
45%
Svizzera
45%
Lussemburgo
41%
San Marino
41%
Repubblica Ceca
38%
Slovacchia
35%
Ungheria
34%
Nepal
33%
Mongolia
32%
Serbia
32%
Etiopia
31%
Moldavia
27%
Niger
26%
Sud Sudan
26%
Paraguay
25%
Mali
22%
Uganda
22%
Laos
19%
Zambia
17%
Nessun quiz corrispondente trovato
Distribuzione punteggi
Percentuale di utenti per punteggio
Percentile per numero di risposta
I tuoi punteggi nel tempo
Non hai fatto questo quiz